000 00635nam a2200169Ia 4500
008 230917s9999||||xx |||||||||||||| ||und||
020 _cRS 695.00
040 _e5016495
_aMAIN
041 _aEnglish
082 _a891.433721 DJ745G
100 _aडँगलँस, जेम्स डब्ल्यू
245 0 _aगांधी और अकथनीय: सत्य के साथ उनका अन्तिम प्रयोग
260 _aनई दिल्ली
_bराजकमल प्रकाशन
_c2022
300 _a213 p.
500 _a4976 03/01/2023 RKP23/10416 18/01/2023 Main Budget
942 _cBK
999 _c8220
_d8220